|
|
|
|
| LEADER |
01245nam a22002411 4500 |
| 001 |
c000195750 |
| 003 |
CARM |
| 005 |
20021125001700.0 |
| 008 |
851003s1879 enk 0 eng d |
| 019 |
1 |
|
|a 3972616
|5 LACONCORD2021
|
| 035 |
|
|
|a (OCoLC)216905687
|5 LACONCORD2021
|
| 110 |
1 |
0 |
|a Great Britain.
|b Commission Appointed to Enquire into the State, Discipline, and Organisation, of the Metropolitan Police Force.
|
| 245 |
1 |
0 |
|a Report of the Commission Appointed to Enquire into the State, Discipline, and Organisation of the Metropolitan Police Force (other than the Criminal Investigation Department) :
|b together with minutes of evidence, appendix, and index.
|
| 260 |
|
|
|a Lond. :
|b H.M.S.O.,
|c 1879.
|
| 500 |
|
|
|a Xerox copy.
|
| 500 |
|
|
|a At head of title: Metropolitan Police (Departmental) Commission.
|
| 500 |
|
|
|a Inquiry held by Sir M.W.Ridley and J.B.Maule.
|
| 650 |
|
0 |
|a Police
|x Administration and Organization
|z London
|x History.
|
| 700 |
1 |
|
|a Ridley, Matthew White,
|c Sir.
|
| 852 |
8 |
|
|b CARM
|h A2:AG25H0
|i F00992
|p 0301614
|f BK
|
| 082 |
0 |
4 |
|a 363.209421
|
| 999 |
f |
f |
|i 54cb148c-58ae-52a7-bfde-18626453c273
|s de897996-3514-5edb-ba12-d33d88ff91fe
|
| 952 |
f |
f |
|p Can circulate
|a CAVAL
|b CAVAL
|c CAVAL
|d CARM 1 Store
|e F00992
|f A2:AG25H0
|h Other scheme
|i book
|m 0301614
|